[Event "EU-ch Cities&Town op"]
[Site "Tornelo INT"]
[Date "2023.01.29"]
[Round "?"]
[White "Rodshtein, Maxim"]
[Black "Krivokapic, Marko"]
[Result "1-0"]
[WhiteElo "2616"]
[BlackElo "2386"]
[PlyCount "69"]
[EventDate "2023.01.29"]
[EventType "team-swiss"]
[EventRounds "9"]
[EventCountry "NET"]
[SourceTitle "CBM 212 Extra"]
[Source "ChessBase"]
[SourceDate "2023.03.31"]
[SourceVersion "1"]
[SourceVersionDate "2023.03.31"]
[SourceQuality "1"]
[WhiteTeam "Praha op"]
[BlackTeam "Niksic"]
[WhiteTeamCountry "CZE"]
[BlackTeamCountry "MNE"]

1. Nf3 d5 2. g3 Nf6 3. Bg2 e6 4. 0-0 c5 5. c4 dxc4 6. Qa4+ Bd7 7. Qxc4 Nc6 8. d3 Be7 9. Nc3 0-0 10. Qb3 b6 11. Bf4 Rc8 12. Rfc1 Nb4 13. a4 Bc6 14. Qd1 Nfd5 15. Bd2 a6 16. Nxd5 Nxd5 17. Qb3 Qc7 18. e4 Nf6 19. Bf4 Qa7 20. Ne5 Ba8 21. Nc4 Rc6 22. Be3 Rd8 23. a5 b5 24. Nb6 Rc7 25. Qc2 Nd7 26. Nxa8 Qxa8 27. e5 Qc8 28. f4 Nb8 29. b4 c4 30. Bb6 Rxd3 31. Qxd3 cxd3 32. Rxc7 Qf8 33. Rd1 f6 34. Rxd3 fxe5 35. fxe5 1-0

[Event "Niksic Bato Kontic Memorial"]
[Site "Niksic"]
[Date "2021.04.20"]
[Round "7"]
[White "Dardha, Daniel"]
[Black "Krivokapic, Marko"]
[Result "0-1"]
[WhiteElo "2516"]
[BlackElo "2380"]
[PlyCount "92"]
[EventDate "2021.04.16"]
[EventType "swiss"]
[EventRounds "9"]
[EventCountry "MNE"]
[SourceTitle "CBM 202 Extra"]
[Source "ChessBase"]
[SourceDate "2021.07.31"]
[SourceVersion "1"]
[SourceVersionDate "2021.07.31"]
[SourceQuality "1"]

1. e4 c5 2. Nf3 d6 3. h3 Nf6 4. Bd3 Nc6 5. c3 g6 6. 0-0 Bg7 7. Bc2 0-0 8. d4 cxd4 9. cxd4 b5 10. a3 Bb7 11. Be3 Na5 12. Nbd2 Nc4 13. Nxc4 bxc4 14. d5 e6 15. dxe6 fxe6 16. Nd2 Ba6 17. Re1 Nh5 18. Rb1 Qe7 19. b4 c3 20. Nf3 Nf4 21. Nd4 Rac8 22. b5 Bb7 23. Rb4 d5 24. Bb3 Kh8 25. Bxf4 Rxf4 26. exd5 Qc5 27. Rc4 Qxc4 28. Bxc4 Rxd4 29. Bd3 c2 30. Qd2 Rxd3 31. Qxd3 c1Q 32. Rxc1 Rxc1+ 33. Kh2 Be5+ 34. f4 Bxf4+ 35. g3 Bd6 36. Qd2 Rb1 37. Qc2 Rxb5 38. a4 Rb4 39. dxe6 Kg8 40. Qf2 Kg7 41. Qf7+ Kh6 42. e7 Rb1 43. Qf8+ Kg5 44. h4+ Kg4 45. Qc8+ Bxc8 46. e8Q Bxg3+ 0-1

[Event "Niksic Bato Kontic Memorial"]
[Site "Niksic"]
[Date "2021.04.18"]
[Round "4"]
[White "Krivokapic, Marko"]
[Black "Runic, Zoran"]
[Result "1/2-1/2"]
[WhiteElo "2380"]
[BlackElo "2378"]
[PlyCount "20"]
[EventDate "2021.04.16"]
[EventType "swiss"]
[EventRounds "9"]
[EventCountry "MNE"]
[SourceTitle "CBM 202 Extra"]
[Source "ChessBase"]
[SourceDate "2021.07.31"]
[SourceVersion "1"]
[SourceVersionDate "2021.07.31"]
[SourceQuality "1"]

1. e4 e5 2. Nf3 d6 3. d4 Nd7 4. Nc3 Ngf6 5. Bc4 Be7 6. 0-0 0-0 7. Re1 c6 8. a4 a5 9. h3 exd4 10. Nxd4 Nc5 1/2-1/2

[Event "Niksic Bato Kontic Memorial"]
[Site "Niksic"]
[Date "2021.04.17"]
[Round "2"]
[White "Krivokapic, Marko"]
[Black "Kalezic, Blazo"]
[Result "1/2-1/2"]
[WhiteElo "2380"]
[BlackElo "2456"]
[PlyCount "38"]
[EventDate "2021.04.16"]
[EventType "swiss"]
[EventRounds "9"]
[EventCountry "MNE"]
[SourceTitle "CBM 202 Extra"]
[Source "ChessBase"]
[SourceDate "2021.07.31"]
[SourceVersion "1"]
[SourceVersionDate "2021.07.31"]
[SourceQuality "1"]

1. e4 e6 2. d4 d5 3. Nd2 a6 4. Bd3 c5 5. dxc5 Bxc5 6. Ngf3 Nf6 7. 0-0 dxe4 8. Nxe4 Nxe4 9. Bxe4 Qc7 10. a3 Nd7 11. Qe2 0-0 12. b4 Be7 13. Bb2 Bf6 14. Bxf6 Nxf6 15. c4 Bd7 16. Ne5 Ba4 17. Bf3 Rad8 18. Rac1 Nd7 19. Rfe1 b6 1/2-1/2

[Event "MNT-CupT"]
[Site "Montenegro"]
[Date "2016.04.17"]
[Round "2"]
[White "Krivokapic, Marko"]
[Black "Karisik, Nenad"]
[Result "1-0"]
[WhiteElo "2412"]
[BlackElo "2169"]
[PlyCount "83"]
[EventDate "2016.04.10"]
[EventType "team-k.o."]
[EventRounds "4"]
[EventCountry "MNE"]
[SourceTitle "EXT 2018"]
[Source "ChessBase"]
[SourceDate "2017.10.13"]
[SourceVersion "1"]
[SourceVersionDate "2017.10.13"]
[SourceQuality "1"]
[WhiteTeam "Niksic Elektroprivreda"]
[BlackTeam "Bijelo Polje Jedinstvo"]
[WhiteTeamCountry "MNE"]
[BlackTeamCountry "MNE"]

1. e4 e5 2. Nf3 Nf6 3. Nxe5 d6 4. Nf3 Nxe4 5. d4 Be7 6. Bd3 Nf6 7. 0-0 0-0 8. Re1 Nbd7 9. Nbd2 Re8 10. Nf1 Bf8 11. Rxe8 Qxe8 12. Bg5 h6 13. Bh4 c6 14. Qd2 Qd8 15. Re1 Qb6 16. c3 Qc7 17. Ne3 g6 18. c4 b6 19. d5 c5 20. Qc2 Bg7 21. h3 Bb7 22. Ng4 Nxg4 23. hxg4 g5 24. Bg3 Nf6 25. Bf5 b5 26. b3 a5 27. Nd2 a4 28. cxb5 axb3 29. axb3 Bxd5 30. Nc4 Ne8 31. Rd1 Qb7 32. Ne3 Be6 33. Be4 d5 34. Nxd5 Qxb5 35. Ne7+ Kf8 36. Bxa8 Bxb3 37. Qd3 c4 38. Qd8 Bf6 39. Bc6 Qxc6 40. Nxc6 Bxd8 41. Rxd8 c3 42. Bd6+ 1-0

[Event "Petrovac op"]
[Site "Petrovac"]
[Date "2015.05.11"]
[Round "5"]
[White "Krivokapic, Marko"]
[Black "Kastelic, Marian"]
[Result "1-0"]
[WhiteElo "2411"]
[BlackElo "2342"]
[PlyCount "101"]
[EventDate "2015.05.08"]
[EventType "swiss"]
[EventRounds "9"]
[EventCountry "MNE"]
[SourceTitle "CBM 166 Extra"]
[Source "ChessBase"]
[SourceDate "2015.06.18"]
[SourceVersion "1"]
[SourceVersionDate "2015.06.18"]
[SourceQuality "1"]

1. e4 e6 2. d4 d5 3. Nc3 Nf6 4. Bg5 Be7 5. e5 Nfd7 6. Bxe7 Qxe7 7. f4 a6 8. Nf3 c5 9. Qd2 Nc6 10. dxc5 Nxc5 11. Bd3 0-0 12. 0-0 f5 13. Ne2 b5 14. Ned4 Bd7 15. Nxc6 Bxc6 16. Nd4 Rfc8 17. Qe3 Be8 18. a3 Na4 19. b3 Nc3 20. Kh1 a5 21. g4 g6 22. gxf5 exf5 23. Rg1 Kh8 24. Qg3 Bd7 25. Qh3 Ne4 26. Bxe4 fxe4 27. e6 Be8 28. Rad1 Qf6 29. Qe3 b4 30. axb4 axb4 31. Qg3 Ra7 32. Qg5 Qxg5 33. fxg5 h6 34. h4 Rh7 35. Kg2 hxg5 36. hxg5 Rh5 37. Rh1 Kg8 38. Rxh5 gxh5 39. Kg3 Bg6 40. Kf4 e3 41. Kxe3 Kf8 42. Kf4 Be4 43. Rd2 Ke7 44. Ke5 Rg8 45. Nc6+ Ke8 46. Nxb4 Rxg5+ 47. Kd6 h4 48. Rh2 Rh5 49. Na6 Bg6 50. Nc7+ Kd8 51. e7+ 1-0

[Event "Petrovac op"]
[Site "Petrovac"]
[Date "2015.05.08"]
[Round "1"]
[White "Krivokapic, Marko"]
[Black "Krstonijevic, Stjepan"]
[Result "1/2-1/2"]
[WhiteElo "2411"]
[BlackElo "2065"]
[PlyCount "47"]
[EventDate "2015.05.08"]
[EventType "swiss"]
[EventRounds "9"]
[EventCountry "MNE"]
[SourceTitle "CBM 166 Extra"]
[Source "ChessBase"]
[SourceDate "2015.06.18"]
[SourceVersion "1"]
[SourceVersionDate "2015.06.18"]
[SourceQuality "1"]

1. e4 c5 2. Nf3 e6 3. d4 cxd4 4. Nxd4 Nc6 5. Nc3 Qc7 6. Be2 a6 7. 0-0 Nf6 8. Kh1 Nxd4 9. Qxd4 Bc5 10. Qd3 b5 11. f4 Bb7 12. a3 h5 13. e5 Ng4 14. Bf3 Nh6 15. Ne4 Bxe4 16. Bxe4 Rd8 17. b4 d5 18. Bf3 Bb6 19. Bxh5 Qc4 20. Bd1 Nf5 21. Rf3 Nd4 22. Rg3 Nf5 23. Rg5 Ke7 24. g4 1/2-1/2

[Event "MNT CupT"]
[Site "Niksic"]
[Date "2014.04.20"]
[Round "2.4"]
[White "Nikac, Predrag"]
[Black "Krivokapic, Marko"]
[Result "1/2-1/2"]
[WhiteElo "2322"]
[BlackElo "2407"]
[PlyCount "60"]
[EventDate "2014.04.06"]
[EventType "team-swiss"]
[EventRounds "5"]
[EventCountry "MNE"]
[SourceTitle "CBM 160 Extra"]
[Source "ChessBase"]
[SourceDate "2014.07.01"]
[SourceVersion "1"]
[SourceVersionDate "2014.07.01"]
[SourceQuality "1"]

1. f4 Nf6 2. Nf3 d5 3. d3 c5 4. g3 Nc6 5. Bg2 g6 6. 0-0 Bg7 7. Qe1 0-0 8. e4 dxe4 9. dxe4 e5 10. Nc3 Nd4 11. fxe5 Ng4 12. Nxd4 cxd4 13. Nd5 Nxe5 14. Bf4 b6 15. Qb4 Bb7 16. Kh1 Nc6 17. Qd2 Rc8 18. Bh6 Bxh6 19. Qxh6 f6 20. Rf4 Ne5 21. Rh4 Rf7 22. Qd2 Bxd5 23. exd5 Rfc7 24. d6 Qxd6 25. Rxd4 Qe7 26. c3 Kg7 27. Rf1 Rd7 28. Rxd7 Qxd7 29. Qxd7+ Nxd7 30. Bh3 Rc7 1/2-1/2

[Event "MNT-chT"]
[Site "Cetinje"]
[Date "2013.06.28"]
[Round "5.3"]
[White "Krivokapic, Marko"]
[Black "Djukic, Nikola"]
[Result "0-1"]
[WhiteElo "2436"]
[BlackElo "2539"]
[PlyCount "104"]
[EventDate "2013.06.24"]
[EventType "team-tourn"]
[EventRounds "9"]
[EventCountry "MNE"]
[SourceTitle "CBM 155 Extra"]
[Source "ChessBase"]
[SourceDate "2013.08.26"]
[SourceVersion "1"]
[SourceVersionDate "2013.08.26"]
[SourceQuality "1"]
[WhiteTeam "Elektroprivreda"]
[BlackTeam "Buducnost"]
[WhiteTeamCountry "MNE"]
[BlackTeamCountry "MNE"]

1. e4 c5 2. Nf3 Nc6 3. d4 cxd4 4. Nxd4 Nf6 5. Nc3 d6 6. Be2 e5 7. Nb3 Be7 8. 0-0 0-0 9. f4 a5 10. a4 Nb4 11. Kh1 Bd7 12. Be3 Bc6 13. Bf3 Qc7 14. Qd2 b6 15. Qf2 Rab8 16. Rac1 Rfe8 17. fxe5 dxe5 18. Qg3 Na6 19. Bh6 g6 20. Be2 Nc5 21. Nxc5 bxc5 22. Bg5 Nxe4 23. Nxe4 Bxe4 24. Bc4 Rf8 25. Bh6 Rb4 26. Qc3 Rxc4 27. Qxc4 Qb7 28. Bxf8 Bxg2+ 29. Kg1 Bxf1 30. Rxf1 Bxf8 31. b3 Bh6 32. Re1 Qc7 33. c3 Qd6 34. Qe2 Bf4 35. Rd1 Qe6 36. c4 Qh3 37. Rd3 Bxh2+ 38. Kh1 Qh4 39. Rd7 Bf4+ 40. Kg1 Qg3+ 41. Qg2 Qe3+ 42. Kf1 Qc1+ 43. Ke2 Qc2+ 44. Kf1 Qb1+ 45. Ke2 Qxb3 46. Qd5 Qc2+ 47. Kf1 Qf5 48. Rd8+ Kg7 49. Ra8 Be3+ 50. Ke2 Qf2+ 51. Kd3 Qd2+ 52. Ke4 Bd4 0-1

[Event "Skopje Karposh op"]
[Site "Skopje"]
[Date "2012.04.12"]
[Round "7"]
[White "Savic, Miodrag R"]
[Black "Krivokapic, Marko"]
[Result "1/2-1/2"]
[WhiteElo "2518"]
[BlackElo "2415"]
[PlyCount "49"]
[EventDate "2012.04.07"]
[EventType "swiss"]
[EventRounds "9"]
[EventCountry "MKD"]
[SourceTitle "CBM 147 Extra"]
[Source "ChessBase"]
[SourceDate "2012.04.24"]
[SourceVersion "1"]
[SourceVersionDate "2012.04.24"]
[SourceQuality "1"]

1. e4 c5 2. Nf3 d6 3. Bc4 Nf6 4. d3 e6 5. 0-0 Be7 6. Bb3 0-0 7. c3 a6 8. Nbd2 b5 9. Qe2 Bb7 10. d4 cxd4 11. cxd4 Nbd7 12. e5 dxe5 13. dxe5 Nd5 14. Ne4 Qc7 15. Ng3 Nb4 16. Bf4 Nc5 17. Rfc1 Rac8 18. Ne1 Qb8 19. Bc2 Nxc2 20. Rxc2 Nd7 21. Rd2 Nb6 22. Qg4 Rc4 23. b3 Qxe5 24. Bxe5 Rxg4 25. Bd6 1/2-1/2

[Event "Skopje Karposh op"]
[Site "Skopje"]
[Date "2012.04.07"]
[Round "1"]
[White "Krivokapic, Marko"]
[Black "Golubovic, Tomislav"]
[Result "1-0"]
[WhiteElo "2415"]
[BlackElo "1944"]
[PlyCount "39"]
[EventDate "2012.04.07"]
[EventType "swiss"]
[EventRounds "9"]
[EventCountry "MKD"]
[SourceTitle "CBM 147 Extra"]
[Source "ChessBase"]
[SourceDate "2012.04.24"]
[SourceVersion "1"]
[SourceVersionDate "2012.04.24"]
[SourceQuality "1"]

1. e4 e5 2. Nf3 Nc6 3. Bc4 h6 4. 0-0 Bc5 5. c3 d6 6. d4 Bb6 7. dxe5 Bg4 8. exd6 cxd6 9. Bf4 Bc7 10. Nbd2 Qf6 11. Be3 Nge7 12. h3 Bh5 13. Qb3 0-0-0 14. Bd5 Nxd5 15. exd5 Ne5 16. Nxe5 dxe5 17. c4 Bg6 18. c5 Rd7 19. Rac1 e4 20. d6 1-0

[Event "Skopje op 19th"]
[Site "Skopje"]
[Date "2011.10.31"]
[Round "8"]
[White "Krivokapic, Marko"]
[Black "Mitkovski, Zarko"]
[Result "0-1"]
[WhiteElo "2413"]
[BlackElo "2174"]
[PlyCount "126"]
[EventDate "2011.10.24"]
[EventType "swiss"]
[EventRounds "9"]
[EventCountry "MKD"]
[SourceTitle "EXT 2012"]
[Source "ChessBase"]
[SourceDate "2011.11.24"]
[SourceVersion "1"]
[SourceVersionDate "2011.11.24"]
[SourceQuality "1"]

1. e4 g6 2. d4 c6 3. Nc3 d5 4. Bf4 Bg7 5. exd5 cxd5 6. Nb5 Na6 7. Qe2 Be6 8. Nf3 h6 9. Ne5 g5 10. Bg3 Nf6 11. f3 Nh5 12. Bf2 Nc7 13. g3 a6 14. Nxc7+ Qxc7 15. 0-0-0 Nf6 16. h4 Nd7 17. Ng6 Rg8 18. Bh3 Bf6 19. Bxe6 fxe6 20. h5 Rc8 21. Rd3 Qd6 22. f4 gxf4 23. gxf4 Nf8 24. Qg4 Nxg6 25. hxg6 Bg7 26. Re1 Rf8 27. Bg3 Rf5 28. Rde3 h5 29. Qh3 Kd7 30. Rd1 Bh6 31. Kb1 Rg8 32. Re5 Rxg6 33. Bh2 Rgf6 34. Rde1 Bxf4 35. Bxf4 Rxf4 36. c3 h4 37. a3 a5 38. Ka1 a4 39. Rh5 Rf3 40. Qxh4 Rxc3 41. Kb1 Rcf3 42. Qg4 Rf1 43. Rh1 Rxh1 44. Rxh1 Qc6 45. Qd1 Qc4 46. Qd2 Rf1+ 47. Rxf1 Qxf1+ 48. Ka2 Qc4+ 49. Kb1 b6 50. Qf4 Qd3+ 51. Kc1 Qe4 52. Qf2 e5 53. dxe5 Qxe5 54. Kd1 Qf6 55. Qg2 Qd4+ 56. Kc1 Qe3+ 57. Kd1 Qe4 58. Qh3+ e6 59. Qh8 d4 60. Kc1 d3 61. Qg7+ Kc6 62. Qg3 Qe2 63. Kb1 d2 0-1

[Event "Skopje op 19th"]
[Site "Skopje"]
[Date "2011.10.27"]
[Round "4"]
[White "Koskoska, Gabriela"]
[Black "Krivokapic, Marko"]
[Result "0-1"]
[WhiteElo "2117"]
[BlackElo "2413"]
[PlyCount "132"]
[EventDate "2011.10.24"]
[EventType "swiss"]
[EventRounds "9"]
[EventCountry "MKD"]
[SourceTitle "EXT 2012"]
[Source "ChessBase"]
[SourceDate "2011.11.24"]
[SourceVersion "1"]
[SourceVersionDate "2011.11.24"]
[SourceQuality "1"]

1. e4 c5 2. Nf3 d6 3. Bb5+ Nd7 4. 0-0 Ngf6 5. e5 dxe5 6. Nxe5 a6 7. Bxd7+ Nxd7 8. d4 cxd4 9. Qxd4 f6 10. Nc4 e5 11. Nd6+ Bxd6 12. Qxd6 Qe7 13. Qc7 Nc5 14. Qxe7+ Kxe7 15. Be3 Ne6 16. Nc3 Bd7 17. Nd5+ Kf7 18. Nb6 Rad8 19. Nxd7 Rxd7 20. Rfd1 Rhd8 21. Rxd7+ Rxd7 22. Kf1 f5 23. Ke1 f4 24. Bb6 Kf6 25. f3 Kf5 26. c3 e4 27. fxe4+ Kxe4 28. Ke2 g5 29. h3 h5 30. Re1 g4 31. hxg4 hxg4 32. Kf2+ Kf5 33. Ke2 Rh7 34. Rd1 Rh2 35. Kf1 f3 36. gxf3 gxf3 37. Rd5+ Ke4 38. Rd6 Ke5 39. Rd7 Rxb2 40. Rxb7 Rxa2 41. Rf7 Ng5 42. Re7+ Kf5 43. Be3 Ne4 44. Rf7+ Kg4 45. Rg7+ Kh5 46. Kg1 Ra1+ 47. Kh2 f2 48. Bxf2 Nxf2 49. c4 Ng4+ 50. Kg3 Ne5 51. Rc7 Kg5 52. c5 Ra3+ 53. Kf2 Kf5 54. Ke2 Ke6 55. Kd2 Kd5 56. Kc2 Nc6 57. Kb2 Rh3 58. Rg7 Kxc5 59. Rg5+ Kb4 60. Rg4+ Kb5 61. Rg5+ Ka4 62. Rg6 Nb4 63. Rg4 Rh2+ 64. Kc3 Rc2+ 65. Kd4 a5 66. Rg5 Kb3 0-1

[Event "Skopje op 19th"]
[Site "Skopje"]
[Date "2011.10.25"]
[Round "2"]
[White "Georgiev, Vladimir"]
[Black "Krivokapic, Marko"]
[Result "1-0"]
[WhiteElo "2574"]
[BlackElo "2413"]
[PlyCount "78"]
[EventDate "2011.10.24"]
[EventType "swiss"]
[EventRounds "9"]
[EventCountry "MKD"]
[SourceTitle "EXT 2012"]
[Source "ChessBase"]
[SourceDate "2011.11.24"]
[SourceVersion "1"]
[SourceVersionDate "2011.11.24"]
[SourceQuality "1"]

1. d4 d5 2. c4 dxc4 3. Nf3 a6 4. e3 Nf6 5. Bxc4 e6 6. 0-0 c5 7. Bb3 Nc6 8. Nc3 Be7 9. Qe2 cxd4 10. Rd1 e5 11. exd4 exd4 12. Be3 Bg4 13. Ba4 b5 14. Nxb5 axb5 15. Bxb5 0-0 16. Bxc6 Qb6 17. Bxd4 Qxc6 18. Qxe7 Bxf3 19. gxf3 Rfe8 20. Qc5 Qxf3 21. Qc3 Qg4+ 22. Qg3 Qf5 23. Re1 Nh5 24. Qg2 h6 25. Re5 Qd3 26. Rae1 Red8 27. Bb6 Nf4 28. Qe4 Rdb8 29. Bd4 Nh3+ 30. Kg2 Qxe4+ 31. R5xe4 Ng5 32. R4e3 Rxa2 33. Be5 Rbxb2 34. Bxb2 Rxb2 35. Re8+ Kh7 36. R1e7 Rb4 37. h3 Kg6 38. Rf8 Rf4 39. Re3 Ne6 1-0

[Event "MNT-chT"]
[Site "Tivat"]
[Date "2011.10.13"]
[Round "6.1"]
[White "Krivokapic, Marko"]
[Black "Milanovic, Slavisa"]
[Result "0-1"]
[WhiteElo "2413"]
[BlackElo "2411"]
[PlyCount "102"]
[EventDate "2011.10.08"]
[EventType "team-tourn"]
[EventRounds "9"]
[EventCountry "MNE"]
[SourceTitle "CBM 144 Extra"]
[Source "ChessBase"]
[SourceDate "2011.10.28"]
[SourceVersion "1"]
[SourceVersionDate "2011.10.28"]
[SourceQuality "1"]
[WhiteTeam "Niksic Elektroprivreda"]
[BlackTeam "Bijelo Polje Djurdjic"]
[WhiteTeamCountry "MNE"]
[BlackTeamCountry "MNE"]

1. e4 e6 2. d4 d5 3. Nc3 Bb4 4. e5 c5 5. Bd2 Nh6 6. Nb5 Bxd2+ 7. Qxd2 0-0 8. dxc5 Nd7 9. f4 f6 10. exf6 Qxf6 11. 0-0-0 Nxc5 12. Nh3 Bd7 13. Bd3 Rac8 14. Kb1 Bxb5 15. Bxb5 Nf5 16. Bd3 Na4 17. Qb4 b5 18. Rhe1 a5 19. Qa3 Nd6 20. Re5 Nc5 21. Qxa5 Nc4 22. Bxc4 bxc4 23. g3 h6 24. Nf2 Qf7 25. a3 Qb7 26. Rde1 Rb8 27. Nd1 Rfc8 28. f5 exf5 29. Re7 Qc6 30. Qc3 Qg6 31. Qd4 Ne4 32. Qxd5+ Kh8 33. Qf7 Qg5 34. Ne3 c3 35. b3 Rf8 36. Qe6 Nd2+ 37. Ka2 Qh5 38. Qe5 Qg5 39. h4 Qg6 40. Qxc3 Ne4 41. Qe5 Rb5 42. Re6 Rxe5 43. Rxg6 Nc3+ 44. Kb2 Rxe3 45. Rxe3 Nd1+ 46. Kc1 Nxe3 47. Kd2 Kh7 48. h5 Ng4 49. c4 Nf6 50. Rxf6 Rxf6 51. b4 Kg8 0-1

[Event "MNT-chT"]
[Site "Tivat"]
[Date "2011.10.11"]
[Round "4.1"]
[White "Krivokapic, Marko"]
[Black "Tadic, Branko"]
[Result "1/2-1/2"]
[WhiteElo "2413"]
[BlackElo "2486"]
[PlyCount "24"]
[EventDate "2011.10.08"]
[EventType "team-tourn"]
[EventRounds "9"]
[EventCountry "MNE"]
[SourceTitle "CBM 144 Extra"]
[Source "ChessBase"]
[SourceDate "2011.10.28"]
[SourceVersion "1"]
[SourceVersionDate "2011.10.28"]
[SourceQuality "1"]
[WhiteTeam "Niksic Elektroprivreda"]
[BlackTeam "Bar Mornar"]
[WhiteTeamCountry "MNE"]
[BlackTeamCountry "MNE"]

1. e4 d6 2. d4 Nf6 3. Nc3 e5 4. Nf3 Nbd7 5. Bc4 Be7 6. 0-0 0-0 7. Re1 c6 8. a4 exd4 9. Qxd4 Ne5 10. Nxe5 dxe5 11. Qxd8 Rxd8 12. f3 Bb4 1/2-1/2

[Event "Sunny Beach op 10th"]
[Site "Sunny Beach"]
[Date "2011.08.30"]
[Round "4"]
[White "Womacka, Mathias"]
[Black "Krivokapic, Marko"]
[Result "1/2-1/2"]
[WhiteElo "2459"]
[BlackElo "2418"]
[PlyCount "67"]
[EventDate "2011.08.27"]
[EventType "swiss"]
[EventRounds "9"]
[EventCountry "BUL"]
[SourceTitle "CBM 144 Extra"]
[Source "ChessBase"]
[SourceDate "2011.10.28"]
[SourceVersion "1"]
[SourceVersionDate "2011.10.28"]
[SourceQuality "1"]

1. e4 c5 2. Nf3 d6 3. d4 cxd4 4. Nxd4 Nf6 5. Nc3 a6 6. Be2 e6 7. 0-0 Qc7 8. a4 Nc6 9. Be3 Be7 10. f4 0-0 11. Kh1 Re8 12. Bd3 Nb4 13. a5 e5 14. fxe5 dxe5 15. Nf5 Bxf5 16. Rxf5 Qd6 17. Qe2 Nxd3 18. cxd3 Rad8 19. Rd1 Qe6 20. Bg5 Nd5 21. Nxd5 Rxd5 22. exd5 Qxf5 23. Bxe7 Rxe7 24. Rc1 g6 25. Qe4 Rc7 26. Rd1 Qxe4 27. dxe4 Kf8 28. d6 Rd7 29. Kg1 f6 30. Kf2 Kf7 31. g4 Ke6 32. Rd3 Rxd6 33. Rb3 Rd7 34. Rb6+ 1/2-1/2